000 00774nam a22002177a 4500
005 20250909155918.0
010 _aENG-146805 B-769127-143 BACEN25
020 _a9789360451523
_c599.00
035 _aB-769127-143
035 _aEN-130337
037 _bAakar
037 _bDBAD
082 _aN
100 _aBhatia, Gautam
_984972
245 _aThe Sentence /
_cby Gautam Bhatia
260 _aChennai
_bWestland books
_c2024
270 _a269/2b,alapakkam
_bChennai
_e600095
300 _a364p.
_c20cm(pbk)
942 _2ddc
_cEN
_hN
_mBHA
999 _c209346
_d209346